000 00700nam a2200253Ia 4500
003 OSt
005 20220928113942.0
006 a|||||r|||| 00| 0
007 ta
008 220927b |||||||| |||| 00| 0 eng d
024 _a32363
037 _cTextual
040 _aSDCL
_cSDCL
_beng
041 _2eng
_aeng
082 _aG9X:91p3,N86, M7
100 _aAkhtar M Ed.
_9436046
245 0 _aBiosensors.
260 _aLondon
_bRoyal Society
_c1987
300 _aviii,181p
_ccm.
700 _a Higgins I J Ed.
_9436047
700 _a Lowe C R Ed.
_9436048
942 _hG9X:91p3,N86, M7
_cTEXL
_2CC
999 _c752166
_d752166